| 000 | 00593cam a22002171 4500 | ||
|---|---|---|---|
| 001 | sa 64001625 | ||
| 003 | DLC | ||
| 005 | 20260227112003.0 | ||
| 008 | 750611s1962 pk b 000 0beng | ||
| 010 | _asa 64001625 | ||
| 035 | _a(OCoLC)1386392 | ||
| 040 |
_aDLC _cNSyU _dOCoLC _dDLC |
||
| 042 | _apremarc | ||
| 050 | 0 | 0 |
_aTA140.A42 _bM5 |
| 100 | 3 | _aMisbahuddin. | |
| 245 | 1 | 0 | _aLife and works of Nawab Ali Nawaz Jung Bahadur. |
| 260 |
_aHyderabad, _bApex Books Concern, _c1962. |
||
| 300 |
_a43 p. _c25 cm. |
||
| 504 | _aIncludes bibliographies. | ||
| 600 | 0 | 0 |
_aAli Nawaz Jung, _d1877-1949. |
| 999 |
_c56838 _d56838 |
||